[Event "European Blitz 2017"]
[Site "Katowice POL"]
[Date "2017.12.15"]
[Round "15.81"]
[White "Sanz Losada, Victoriano"]
[Black "Janik, Igor"]
[Result "0-1"]
[WhiteTitle "CM"]
[BlackTitle "FM"]
[WhiteElo "2050"]
[BlackElo "2413"]
[WhiteFideId "2202808"]
[BlackFideId "1159259"]
[EventDate "2017.12.15"]
[EventType "blitz"]

1. d4 d6 2. c4 e5 3. Nf3 e4 4. Ng5 f5 5. f3 Be7 6. Nh3 Nf6 7. Nc3 O-O 8. Bg5
exf3 9. gxf3 Nh5 10. Qd2 f4 11. Rg1 Bxh3 12. Bxh3 Bxg5 13. O-O-O Bh6 14. Qd3 Nc6
15. a3 Qh4 16. Bf5 Rae8 17. Bxh7+ Kh8 18. Bg6 Re3 19. Qd2 Nf6 20. Bb1 Ne7 21.
Qc2 Kg8 22. Rg4 Nxg4 23. Qh7+ Kf7 24. Nd5 Nf6 0-1

[Event "European Blitz 2017"]
[Site "Katowice POL"]
[Date "2017.12.15"]
[Round "15.82"]
[White "Radnai, Adam"]
[Black "Stenner, Patrick"]
[Result "0-1"]
[WhiteTitle "FM"]
[WhiteElo "2266"]
[BlackElo "2248"]
[WhiteFideId "726702"]
[BlackFideId "4615760"]
[EventDate "2017.12.15"]
[EventType "blitz"]

1. d4 g6 2. e4 c6 3. Nf3 Bg7 4. Nc3 d5 5. h3 dxe4 6. Nxe4 Nf6 7. Nxf6+ exf6 8.
Bd3 O-O 9. O-O a5 10. c3 Na6 11. Bf4 Nc7 12. Re1 Nd5 13. Bh2 Be6 14. Qc2 Re8 15.
Re2 Qd7 16. Rae1 Bh6 17. Re4 Kg7 18. a3 a4 19. c4 Nb6 20. Qc3 Red8 21. R4e2 Re8
22. g4 Kg8 23. Kh1 Bg7 24. Qc2 Red8 25. Rd1 h5 26. gxh5 g5 27. h4 Bg4 28. Re3
gxh4 29. Rg1 Kh8 30. Be4 Bh6 31. Re2 f5 32. Bd3 Bxf3+ 33. Rg2 Rg8 0-1

[Event "European Blitz 2017"]
[Site "Katowice POL"]
[Date "2017.12.15"]
[Round "15.83"]
[White "Kahleys, Kevin"]
[Black "Cieslar, Michal"]
[Result "0-1"]
[WhiteElo "2195"]
[BlackElo "2032"]
[WhiteFideId "24669601"]
[BlackFideId "1141066"]
[EventDate "2017.12.15"]
[EventType "swiss"]

1. e4 e6 2. d3 d5 3. Nd2 Nf6 4. Ngf3 Be7 5. g3 c5 6. Bg2 Nc6 7. O-O O-O 8. Re1
b5 9. e5 Nd7 10. Nf1 a5 11. h4 b4 12. N1h2 Ba6 13. Bf4 a4 14. Ng5 Qe8 15. Qh5
Bxg5 16. Qxg5 Nd4 17. Rac1 Qd8 18. Qh5 f5 19. exf6 Nxf6 20. Qe5 Qd7 21. c3 bxc3
22. bxc3 Nf5 23. d4 cxd4 24. cxd4 Rac8 25. Nf3 Ne4 26. Ng5 Nxg5 27. hxg5 Rxc1
28. Rxc1 Rc8 29. Rxc8+ Qxc8 30. Bxd5 exd5 31. Qxd5+ Kh8 32. Be5 Bc4 33. Qa5 Bxa2
34. Kh2 Bb3 35. Qa7 Qf8 36. g4 Ne7 37. Kg3 Ng6 38. f4 Nxe5 39. dxe5 a3 40. f5 a2
41. e6 Qd6+ 42. Kh3 Qd3+ 43. Kh4 Qd8 44. e7 Qe8 45. f6 gxf6 46. gxf6 Bf7 47. Qa5
Qg8 48. g5 h6 49. gxh6 Kh7 50. Qf5+ Qg6 51. Qe5 Qxh6+ 52. Kg3 Qg6+ 53. Kf2 Qh5
54. Qf5+ Qxf5+ 0-1

[Event "European Blitz 2017"]
[Site "Katowice POL"]
[Date "2017.12.15"]
[Round "15.84"]
[White "Gbyl, Andrzej"]
[Black "Kanarek, Marcel"]
[Result "0-1"]
[BlackTitle "GM"]
[WhiteElo "2243"]
[BlackElo "2505"]
[WhiteFideId "1117440"]
[BlackFideId "1126822"]
[EventDate "2017.12.15"]
[EventType "blitz"]

1. d4 Nf6 2. c4 g6 3. Nc3 Bg7 4. e4 d6 5. Nf3 O-O 6. Be2 e5 7. O-O Nc6 8. d5 Ne7
9. Ne1 Nd7 10. Nd3 f5 11. f3 f4 12. Bd2 g5 13. Rc1 Ng6 14. c5 Nf6 15. cxd6 cxd6
16. Nf2 Rf7 17. Nb5 Bf8 18. Qc2 Ne8 19. Nxa7 Bd7 20. Nb5 h5 21. Nc7 Rc8 22. Ne6
Rxc2 23. Nxd8 Rxd2 24. Nxf7 Kxf7 25. Rfe1 Rxb2 26. Rb1 Rxa2 27. Rxb7 Nf6 28. Bb5
Ke8 29. Rc1 Ra8 30. h3 Bxb5 31. Rxb5 Be7 32. Rc6 Nf8 33. Rb7 N8d7 34. Rcc7 Bd8
35. Rc6 Ke7 36. Nd3 Ba5 37. Rc1 Bd2 38. Rcc7 Be3+ 39. Kh2 h4 40. Rb1 Ra2 41. Nb4
Re2 42. Nc6+ Kf7 43. Rc8 Kg7 44. Rd8 Bc5 45. Ne7 Kf7 46. Nf5 Ra2 47. Rb7 Ra1 48.
g4 fxg3+ 49. Nxg3 Ra2+ 50. Kh1 hxg3 51. Rdxd7+ Nxd7 52. Rxd7+ Ke8 0-1

[Event "European Blitz 2017"]
[Site "Katowice POL"]
[Date "2017.12.15"]
[Round "15.85"]
[White "Maslak, Alexander"]
[Black "Berchtenbreiter, Maximilian"]
[Result "0-1"]
[BlackTitle "IM"]
[WhiteElo "2154"]
[BlackElo "2387"]
[WhiteFideId "4130871"]
[BlackFideId "24641120"]
[EventDate "2017.12.15"]
[EventType "blitz"]

1. e4 c6 2. d4 d5 3. Nc3 g6 4. Be3 dxe4 5. Nxe4 Nf6 6. Nxf6+ exf6 7. Bc4 Bg7 8.
Nf3 O-O 9. O-O a5 10. h3 a4 11. a3 b5 12. Ba2 Na6 13. Qd2 Nc7 14. Qc3 Qd6 15.
Nd2 f5 16. Qd3 Be6 17. c4 Rfd8 18. Rfd1 Rab8 19. g3 bxc4 20. Bxc4 Nd5 21. Bxd5
Qxd5 22. Rac1 f4 23. Bxf4 Bxh3 24. Qe4 Rxb2 25. Qxd5 cxd5 26. Be3 Bf8 27. Rc3
Rdb8 28. Rdc1 Ra2 29. Bf4 Rbb2 30. Rc7 Rxd2 31. Bxd2 Rxd2 32. Ra7 Bxa3 33. Rb1
Rxd4 34. Ra1 Bc5 35. R7xa4 Rd2 36. R4a2 Rd3 37. Kh2 0-1

[Event "European Blitz 2017"]
[Site "Katowice POL"]
[Date "2017.12.15"]
[Round "15.86"]
[White "Shkapenko, Pavel"]
[Black "Montilla Carrillo, Esteban"]
[Result "1-0"]
[WhiteTitle "IM"]
[BlackTitle "FM"]
[WhiteElo "2431"]
[BlackElo "2233"]
[WhiteFideId "4151933"]
[BlackFideId "2208261"]
[EventDate "2017.12.15"]
[EventType "blitz"]

1. e4 c5 2. c3 d5 3. exd5 Qxd5 4. Nf3 Nf6 5. d4 Nc6 6. Be2 e6 7. O-O Be7 8. Be3
O-O 9. dxc5 Qxd1 10. Rxd1 Ne4 11. Nbd2 Nxc5 12. Nc4 Ne4 13. Nfe5 Nxe5 14. Nxe5
f6 15. Nc4 e5 16. f3 Nc5 17. Nd6 Bxd6 18. Rxd6 b6 19. Rad1 Bf5 20. Bb5 Rac8 21.
R6d2 h6 22. b4 Ne6 23. c4 Rcd8 24. Bd7 Kf7 25. c5 bxc5 26. bxc5 Nd4 27. Bxf5 1-0

[Event "European Blitz 2017"]
[Site "Katowice POL"]
[Date "2017.12.15"]
[Round "15.87"]
[White "Janaszak, Dawid"]
[Black "Snihur, Piotr"]
[Result "0-1"]
[WhiteTitle "FM"]
[WhiteElo "2372"]
[BlackElo "2233"]
[WhiteFideId "1119206"]
[BlackFideId "1157191"]
[EventDate "2017.12.15"]
[EventType "blitz"]

1. d4 Nf6 2. Bg5 Ne4 3. h4 c5 4. d5 h6 5. Bf4 d6 6. f3 Nf6 7. e4 Nbd7 8. Nc3 a6
9. a4 g6 10. Qd2 Bg7 11. g4 Ne5 12. Be2 h5 13. g5 Nfd7 14. Nh3 Rb8 15. a5 b5 16.
axb6 Rxb6 17. Na4 Rb4 18. c3 Rb8 19. O-O O-O 20. Kg2 Qc7 21. Ra2 Qb7 22. Ra3 Qc7
23. b3 Re8 24. Rfa1 c4 25. b4 Bb7 26. Nb2 Rbc8 27. Ra5 Nd3 28. Be3 Nxb2 29. Qxb2
Ne5 30. Nf2 Nd3 31. Qd2 Nxf2 32. Bxf2 Qd7 33. Bd4 Rc7 34. Qe3 Bc8 35. Bb6 Qh3+
36. Kg1 Qg3+ 37. Kh1 Qh3+ 38. Kg1 Qg3+ 39. Kh1 Qh3+ 40. Kg1 Qg3+ 41. Kh1 Qxh4+
42. Kg1 Qg3+ 43. Kh1 Qh3+ 44. Kg1 Qg3+ 45. Kh1 Qh3+ 46. Kg1 Qg3+ 47. Kh1 Be5 48.
f4 Qh4+ 49. Kg1 Bxf4 50. Qf2 Qxg5+ 51. Qg2 Qxg2+ 52. Kxg2 Rd7 53. Bd4 e5 54.
dxe6 fxe6 55. Bxc4 Kh7 56. Bxa6 Bxa6 57. Rxa6 e5 58. Bf2 Rc8 59. Ra7 Rxa7 0-1

[Event "European Blitz 2017"]
[Site "Katowice POL"]
[Date "2017.12.15"]
[Round "15.89"]
[White "Stabulnieks, Klavs"]
[Black "Kashtanov, Ruslan"]
[Result "0-1"]
[BlackTitle "IM"]
[WhiteElo "2181"]
[BlackElo "2376"]
[WhiteFideId "11603984"]
[BlackFideId "4124871"]
[EventDate "2017.12.15"]
[EventType "blitz"]

1. d4 Nf6 2. c4 g6 3. Nc3 Bg7 4. e4 d6 5. f3 c5 6. Nge2 O-O 7. Be3 cxd4 8. Nxd4
Nc6 9. Be2 Nh5 10. O-O Nf4 11. Nxc6 Nxe2+ 12. Qxe2 bxc6 13. Rfd1 Qa5 14. Rac1
Rb8 15. Rd2 Be6 16. f4 Rb7 17. c5 dxc5 18. e5 c4 19. Ne4 Bd5 20. Nc5 Rb5 21. Qf2
Rfb8 22. Rcd1 e6 23. Bd4 Rd8 24. Bc3 Qb6 25. Bd4 Qa5 26. Bc3 Qxa2 27. b4 Qa3 28.
Qd4 a5 29. Ra1 axb4 30. Rxa3 bxa3 31. Ra2 Bf8 32. Ne4 Ra8 33. Kf1 Rb3 34. Nd6
Bg7 35. Nxc4 Ra4 36. Qc5 Rxc4 37. Qe7 Rcxc3 38. Qd8+ Bf8 39. Qa5 Rc1+ 40. Kf2
Rb2+ 41. Rxb2 axb2 0-1

[Event "European Blitz 2017"]
[Site "Katowice POL"]
[Date "2017.12.15"]
[Round "15.90"]
[White "Kiratzopoulos, Efthimios"]
[Black "Pribyl, Josef"]
[Result "0-1"]
[BlackTitle "IM"]
[WhiteElo "2204"]
[BlackElo "2263"]
[WhiteFideId "4207629"]
[BlackFideId "300187"]
[EventDate "2017.12.15"]
[EventType "swiss"]

1. d4 Nf6 2. Nf3 g6 3. Bg5 c5 4. c3 Qb6 5. Qb3 Ne4 6. Bf4 d6 7. e3 Be6 8. Qxb6
axb6 9. Na3 Nxc3 10. Ng5 Bd7 11. Bc4 e6 12. O-O b5 13. Rfc1 bxc4 14. Rxc3 b5 15.
Rcc1 cxd4 16. exd4 d5 17. Be5 Rg8 18. Nxh7 Be7 19. Nc2 Nc6 20. Nf6+ Bxf6 21.
Bxf6 g5 22. Ne3 Rg6 23. Be5 f6 24. Bd6 Nxd4 25. Re1 Kf7 26. Bc5 Nc6 27. a3 Na5 0-1

[Event "European Blitz 2017"]
[Site "Katowice POL"]
[Date "2017.12.15"]
[Round "15.91"]
[White "Dudzinski, Pawel"]
[Black "Colls Gelaberto, Emili"]
[Result "1/2-1/2"]
[WhiteTitle "FM"]
[BlackTitle "CM"]
[WhiteElo "2241"]
[BlackElo "2093"]
[WhiteFideId "1117890"]
[BlackFideId "2209950"]
[EventDate "2017.12.15"]
[EventType "blitz"]

1. e4 c6 2. d4 d5 3. e5 Bf5 4. g4 Bg6 5. e6 Qd6 6. exf7+ Bxf7 7. Ne2 Nd7 8. Nbc3
e5 9. Bg2 O-O-O 10. f4 exd4 11. Nxd4 Re8+ 12. Nce2 Ngf6 13. h3 Ne4 14. O-O h5
15. g5 Be7 16. Nf5 Qc7 17. Bxe4 Bc5+ 18. Be3 Bxe3+ 19. Nxe3 Rxe4 20. Ng2 Rhe8
21. Ng3 R4e7 22. Nxh5 Bxh5 23. Qxh5 Qb6+ 24. Kh1 Qxb2 25. f5 Qxc2 26. f6 gxf6
27. gxf6 Re2 28. f7 Rf8 29. Qg4 Qe4 30. Qxe4 Rxe4 31. Rf2 Kd8 32. Nf4 Rxf7 33.
Ne6+ Ke7 34. Rxf7+ Kxe6 35. Raf1 d4 36. R7f4 Rxf4 37. Rxf4 c5 38. h4 Ne5 39. h5
d3 40. h6 d2 41. Rf1 c4 42. h7 Ng6 43. Kg2 c3 44. Kf3 c2 45. Ke2 c1=Q 46. Rd1
Kf6 47. Rxd2 Qc4+ 48. Kd1 Qc6 49. Rh2 Qd6+ 50. Rd2 Qxd2+ 51. Kxd2 Kg7 52. Ke3
Kxh7 53. Ke4 Kg7 54. Kd5 Kf7 55. Kd6 Ne7 56. a4 Nc6 57. Kc7 Na5 58. Kb8 a6 59.
Ka7 Ke7 60. Kb6 Kd7 61. Kxa5 Kc6 62. Kb4 Kb6 63. a5+ Kc6 64. Kc4 Kd6 65. Kd4 Kc6
66. Kc4 Kd6 67. Kd4 1/2-1/2

[Event "European Blitz 2017"]
[Site "Katowice POL"]
[Date "2017.12.15"]
[Round "15.92"]
[White "Przybylski, Wojciech"]
[Black "Babanin, Gleb"]
[Result "0-1"]
[WhiteTitle "FM"]
[WhiteElo "2320"]
[BlackElo "2094"]
[WhiteFideId "1117599"]
[BlackFideId "34152536"]
[EventDate "2017.12.15"]
[EventType "swiss"]

1. e4 c5 2. Nf3 d6 3. Bb5+ Bd7 4. c4 a6 5. Bxd7+ Qxd7 6. Nc3 Nc6 7. O-O Nf6 8.
d4 cxd4 9. Nxd4 g6 10. h3 Bg7 11. Be3 O-O 12. Rc1 Rfc8 13. b3 Qd8 14. Qd2 Nd7
15. Nde2 Rab8 16. a4 a5 17. f4 Qf8 18. Nb5 b6 19. Nec3 Nc5 20. Rb1 f5 21. exf5
Qxf5 22. Nd5 Re8 23. Bxc5 bxc5 24. Rbe1 Qf7 25. Qd3 Nd4 26. Kh1 Rbd8 27. Nxd4
Bxd4 28. f5 Rd7 29. Re6 gxf5 30. Qxf5 Qxf5 31. Rxf5 Rf8 32. Rg5+ Kf7 33. Re1 e6
34. Nf4 Be5 35. Nd3 Bf6 36. Rh5 Kg7 37. Rxe6 Re7 38. Rxe7+ Bxe7 39. Kg1 Rb8 40.
Nc1 h6 41. h4 Kg6 42. g4 Bf6 43. Rd5 Be5 44. Kg2 Kf6 45. Rd3 Ke6 46. Ne2 Rg8 47.
Kf3 Rf8+ 48. Kg2 Rg8 49. Kh3 Rf8 50. g5 hxg5 51. hxg5 Rf2 52. Ng3 Kf7 53. Ne4
Rh2+ 54. Kg4 Ke6 55. Kf3 Rh3+ 56. Ke2 Rh2+ 57. Kf1 Rb2 58. Nd2 Kf5 59. g6 0-1

[Event "European Blitz 2017"]
[Site "Katowice POL"]
[Date "2017.12.15"]
[Round "15.93"]
[White "Jarmula, Lukasz"]
[Black "Szadkowski, Krzysztof"]
[Result "1-0"]
[WhiteTitle "IM"]
[WhiteElo "2463"]
[BlackElo "2138"]
[WhiteFideId "1160664"]
[BlackFideId "1125060"]
[EventDate "2017.12.15"]
[EventType "blitz"]

1. d4 Nf6 2. c4 g6 3. Nc3 Bg7 4. e4 d6 5. Be2 O-O 6. Nf3 c5 7. O-O cxd4 8. Nxd4
Nc6 9. Be3 a6 10. f4 Nxd4 11. Bxd4 Qc7 12. Rc1 Be6 13. Nd5 Bxd5 14. cxd5 Qd7 15.
Bf3 Rac8 16. Qd3 Qa4 17. a3 h5 18. Bc3 Qb3 19. Kh1 Nd7 20. e5 dxe5 21. f5 e4 22.
Qxe4 Bxc3 23. bxc3 Nf6 24. Qxe7 Nxd5 25. Qg5 Nxc3 26. fxg6 f6 27. Qxh5 Rc7 28.
Rxc3 1-0

[Event "European Blitz 2017"]
[Site "Katowice POL"]
[Date "2017.12.15"]
[Round "15.94"]
[White "Roenko, Artur"]
[Black "Sabuk, Piotr"]
[Result "0-1"]
[BlackTitle "IM"]
[WhiteElo "2167"]
[BlackElo "2382"]
[WhiteFideId "14136732"]
[BlackFideId "1137565"]
[EventDate "2017.12.15"]
[EventType "blitz"]

1. d4 d6 2. Nf3 g6 3. c4 Bg7 4. Nc3 Nd7 5. g3 e5 6. Bg2 Ne7 7. O-O O-O 8. dxe5
dxe5 9. e4 Nc5 10. Qe2 c6 11. b4 Ne6 12. Bb2 Nd4 13. Nxd4 exd4 14. Nb1 a5 15.
Qd2 Be6 16. c5 axb4 17. Qxb4 Qa5 18. a3 Qxb4 19. axb4 Rxa1 20. Bxa1 Ra8 21. Nd2
Ra4 22. Rb1 Ba2 23. Rd1 Rxb4 24. Nf3 Bb3 25. Rb1 Ra4 26. h4 Bc2 27. Rc1 Bxe4 28.
Re1 f5 29. Ng5 Bxg2 30. Kxg2 Bf6 31. Ne6 Nd5 32. Bb2 Ra2 33. Bc1 Kf7 34. Nf4
Nxf4+ 35. Bxf4 d3 36. Rb1 Rb2 37. Rd1 Rb3 38. Bd6 Ke6 39. Kf3 Kd5 40. Ke3 Bd4+
41. Kf3 h5 42. Be7 Rb2 43. Rf1 Bxc5 44. Bg5 b5 45. Rd1 Kc4 46. Rc1+ Rc2 47. Rf1
b4 48. Bf6 b3 0-1

[Event "European Blitz 2017"]
[Site "Katowice POL"]
[Date "2017.12.15"]
[Round "15.95"]
[White "Wozniak, Mariola"]
[Black "Tokranovs, Dmitrijs"]
[Result "0-1"]
[WhiteTitle "WIM"]
[BlackTitle "FM"]
[WhiteElo "2170"]
[BlackElo "2348"]
[WhiteFideId "1152050"]
[BlackFideId "11603011"]
[EventDate "2017.12.15"]
[EventType "blitz"]

1. e4 d5 2. exd5 Nf6 3. Nf3 Nxd5 4. d4 g6 5. Be2 Bg7 6. O-O O-O 7. Re1 b6 8. c4
Nf6 9. Nc3 Bb7 10. Bf4 e6 11. Qd2 Na6 12. Rad1 c5 13. Qc1 cxd4 14. Nxd4 Qe7 15.
Ndb5 Rfd8 16. a3 Nc5 17. Bg5 h6 18. Bxh6 Nfe4 19. Nxe4 Bxe4 20. Bg5 Bf6 21. Bxf6
Qxf6 22. f3 Bc6 23. b4 Nb3 24. Qe3 Bxb5 25. Qxb3 Bc6 26. Rxd8+ Rxd8 27. Rd1 Rd4
28. Kf2 Qe5 29. Qc3 Re4 30. Qxe5 Rxe5 31. Rd8+ Kg7 32. Rc8 Ba4 33. Rc7 a5 34.
bxa5 Rxa5 35. Rb7 Bc2 36. Rxb6 Rxa3 37. c5 Rc3 38. c6 Ba4 39. Kg3 Bxc6 40. Ra6
Bd5 41. Ra7 Rc2 42. Bb5 e5 43. h3 e4 44. Re7 exf3 45. gxf3 Kf6 46. Ra7 Rb2 47.
Ra6+ Kg7 48. Be8 Rb3 49. Ra7 Rxf3+ 50. Kg4 Re3 51. Bd7 Re7 52. Kg3 Be6 0-1

[Event "European Blitz 2017"]
[Site "Katowice POL"]
[Date "2017.12.15"]
[Round "15.96"]
[White "Reza, Wojciech"]
[Black "Kolasinski, Krzysztof"]
[Result "1-0"]
[WhiteElo "2283"]
[BlackElo "2045"]
[WhiteFideId "1151967"]
[BlackFideId "1122240"]
[EventDate "2017.12.15"]
[EventType "blitz"]

1. c4 e5 2. g3 Nf6 3. Bg2 g6 4. Nc3 Bg7 5. e3 O-O 6. Nge2 c6 7. d4 exd4 8. Nxd4
d5 9. cxd5 Nxd5 10. Nxd5 cxd5 11. O-O Nc6 12. Nxc6 bxc6 13. Qc2 Qb6 14. e4 Be6
15. Rb1 dxe4 16. Be3 Qb5 17. Bxe4 Bd5 18. b3 Rfe8 19. Bg2 a5 20. Rfd1 a4 21. b4
a3 22. Bxd5 cxd5 23. Qd3 Qxd3 24. Rxd3 Red8 25. Bc5 Bb2 26. Rbd1 Rab8 27. Rxd5
Rxd5 28. Rxd5 Bc3 29. Rd3 Bb2 30. Kf1 h5 31. Ke2 Re8+ 32. Kd1 Kg7 33. Bd4+ Bxd4
34. Rxd4 Kf6 35. Rd3 Rb8 36. Rb3 Ke5 37. Ke2 Kd4 38. Rxa3 Rxb4 39. Ra7 f5 40.
Ra6 g5 41. Ra5 Ke4 42. f3+ Kd4 43. Rxf5 Rb2+ 44. Kf1 g4 45. fxg4 hxg4 46. Rf4+
Ke3 47. Kg1 Rb1+ 48. Rf1 Rb2 49. Ra1 Rb5 50. a4 Ra5 51. Kg2 Ke2 52. Ra3 Rf5 53.
Ra2+ Ke1 54. a5 Rf8 55. a6 Ra8 56. a7 Kd1 57. h4 gxh3+ 58. Kxh3 Kc1 59. g4 Kb1
60. Ra6 1-0

[Event "European Blitz 2017"]
[Site "Katowice POL"]
[Date "2017.12.15"]
[Round "15.97"]
[White "Konopka, Michal"]
[Black "Frink, Ferenc"]
[Result "0-1"]
[WhiteTitle "IM"]
[BlackTitle "FM"]
[WhiteElo "2381"]
[BlackElo "2106"]
[WhiteFideId "308633"]
[BlackFideId "704946"]
[EventDate "2017.12.15"]
[EventType "blitz"]

1. Nf3 Nf6 2. c4 Nc6 3. d4 e6 4. d5 Ne7 5. Nc3 d6 6. e4 e5 7. h3 Ng6 8. g3 Be7
9. Be3 O-O 10. Be2 h6 11. Qd2 Nh7 12. h4 f5 13. exf5 Bxf5 14. Nh2 Bh3 15. Bd3
Bf5 16. O-O-O Qd7 17. f4 exf4 18. gxf4 Nxh4 19. Rhg1 Rae8 20. Bf2 Bxd3 21. Qxd3
Qf5 22. Qg3 Qxf4+ 23. Qxf4 Rxf4 24. Be3 Rxc4 25. Bxh6 Bf6 26. Kd2 Nf5 27. Ng4
Rxg4 28. Rxg4 Nxh6 29. Rg2 Ng5 30. Nb5 Re7 31. Nxa7 Ne4+ 32. Kc2 Nf5 33. Re1
Nd4+ 34. Kc1 Kf7 35. Nc8 Re5 36. Rg4 Nf2 37. Rxe5 dxe5 38. Rg2 Nd3+ 39. Kb1 Nf4
40. Rf2 Nxd5 41. a4 c6 42. Nd6+ Ke6 43. Nxb7 e4 44. Nc5+ Ke5 45. a5 e3 0-1

[Event "European Blitz 2017"]
[Site "Katowice POL"]
[Date "2017.12.15"]
[Round "15.98"]
[White "Zawadzka, Jolanta"]
[Black "Strejczek, Dariusz"]
[Result "1-0"]
[WhiteTitle "WGM"]
[WhiteElo "2424"]
[BlackElo "2149"]
[WhiteFideId "1122320"]
[BlackFideId "1122142"]
[EventDate "2017.12.15"]
[EventType "blitz"]

1. e4 d6 2. d4 g6 3. Nc3 Bg7 4. Nf3 Nf6 5. Be3 O-O 6. Qd2 Re8 7. Bh6 Bh8 8. Bd3
c5 9. O-O-O Qa5 10. dxc5 dxc5 11. Bc4 e6 12. Kb1 a6 13. Nd5 Qxd2 14. Nxf6+ Bxf6
15. Rxd2 Nc6 16. Rhd1 b5 17. Bf1 Nd4 18. Ne1 e5 19. c3 Ne6 20. g3 Bb7 21. f3 Be7
22. Bh3 Bc8 23. Nd3 f6 24. Be3 c4 25. Ne1 Kf7 26. Nc2 a5 27. a3 Nc5 28. Bxc8
Raxc8 29. Bxc5 Bxc5 30. Rd5 Ke6 31. f4 exf4 32. gxf4 f5 33. Re5+ Kf6 34. Rxe8
Rxe8 35. e5+ Ke6 36. Nd4+ Bxd4 37. Rxd4 g5 38. Rd6+ Ke7 39. fxg5 Rg8 40. h4 Rg6
41. Rd5 f4 42. Rd4 Ke6 43. Rxf4 Kxe5 44. Rf7 h6 45. Rb7 hxg5 46. Rxb5+ Kf4 47.
hxg5 Rxg5 48. Rxg5 Kxg5 49. a4 Kf4 50. Kc2 Ke4 51. b3 cxb3+ 52. Kxb3 Kd3 53. Kb2
Kc4 54. Kc2 Kc5 55. Kd3 Kd5 56. c4+ Kc6 57. Kd4 Kd6 58. c5+ Kc6 59. Kc4 Kb7 60.
Kb5 1-0

[Event "European Blitz 2017"]
[Site "Katowice POL"]
[Date "2017.12.15"]
[Round "15.99"]
[White "Dzierzak, Radoslaw"]
[Black "Narva, Mai"]
[Result "0-1"]
[BlackTitle "WIM"]
[WhiteElo "2237"]
[BlackElo "2211"]
[WhiteFideId "1161407"]
[BlackFideId "4500512"]
[EventDate "2017.12.15"]
[EventType "blitz"]

1. e4 c5 2. Nf3 Nc6 3. Bb5 g6 4. O-O Bg7 5. Re1 Nh6 6. c3 O-O 7. d4 cxd4 8. cxd4
d5 9. exd5 Qxd5 10. Nc3 Qd6 11. d5 Nb8 12. Ne4 Qb6 13. a4 Bg4 14. Be3 Qd8 15. h3
Bxf3 16. Qxf3 Nf5 17. Bf4 Nd7 18. Rad1 Nf6 19. Nc5 Qb6 20. Qa3 Rfd8 21. Bc4 Rac8
22. b4 a5 23. Nd3 Rxc4 24. Bd2 axb4 25. Bxb4 Nxd5 26. Nb2 Rxb4 0-1

[Event "European Blitz 2017"]
[Site "Katowice POL"]
[Date "2017.12.15"]
[Round "15.100"]
[White "Zaleski, Lukasz"]
[Black "Kowalczyk, Mariusz"]
[Result "1-0"]
[WhiteElo "2229"]
[BlackElo "2038"]
[WhiteFideId "1172611"]
[BlackFideId "1126202"]
[EventDate "2017.12.15"]
[EventType "blitz"]

1. e4 e5 2. Nf3 Nc6 3. Bb5 a6 4. Ba4 Nf6 5. O-O b5 6. Bb3 Be7 7. Re1 O-O 8. a4
Rb8 9. axb5 axb5 10. d3 d6 11. Nc3 Bg4 12. Be3 Nd4 13. Bxd4 exd4 14. Nd5 Nxd5
15. Bxd5 Bf6 16. h3 Bh5 17. Ra7 Qc8 18. g4 Bg6 19. Kg2 c6 20. Bb3 Qd8 21. Qd2 h6
22. Rea1 c5 23. Bd5 Rc8 24. R1a5 Qe8 25. Qf4 Rd8 26. Rc7 h5 27. g5 Be5 28. Nxe5
dxe5 29. Qg3 Rc8 30. Rb7 Kh8 31. Rbxb5 Qe7 32. Rb7 Qd6 33. Raa7 f6 34. Rxg7 Rg8
35. Bxg8 Rxg8 36. Rxg8+ Kxg8 37. gxf6 Qxf6 38. h4 Kf8 39. Qg5 1-0

[Event "European Blitz 2017"]
[Site "Katowice POL"]
[Date "2017.12.15"]
[Round "16.1"]
[White "Kovalenko, Igor"]
[Black "Fressinet, Laurent"]
[Result "1-0"]
[WhiteTitle "GM"]
[BlackTitle "GM"]
[WhiteElo "2639"]
[BlackElo "2662"]
[WhiteFideId "14117908"]
[BlackFideId "608742"]
[EventDate "2017.12.15"]
[EventType "blitz"]

1. e4 e5 2. Nf3 Nc6 3. Bb5 a6 4. Ba4 d6 5. c3 f5 6. d3 Nf6 7. O-O Be7 8. Re1 O-O
9. h3 Kh8 10. Nbd2 fxe4 11. Nxe4 Nxe4 12. Rxe4 Bf5 13. Re3 Qe8 14. d4 Qg6 15.
Nh2 Bh4 16. Nf3 Bf6 17. Bxc6 bxc6 18. Kh1 e4 19. Nh2 Bh4 20. Re2 Be6 21. Be3 Rf7
22. Qa4 Raf8 23. Rf1 Qh5 24. Rd2 Bg5 25. Qd1 Qh6 26. Qe1 Bxa2 27. Rg1 Bc4 28.
Ng4 Qg6 29. Bxg5 Qxg5 30. Qe3 Qg6 31. Qg3 Be6 32. Ne3 Qxg3 33. fxg3 Rf2 34. Rgd1
Bb3 35. Rxf2 Rxf2 36. Rf1 Rxf1+ 37. Nxf1 Kg8 38. Kg1 Bc4 39. Ne3 Be6 40. Kf2 Kf7
41. b4 c5 42. dxc5 dxc5 43. Nd1 Bb3 44. Ne3 cxb4 45. cxb4 Ke6 46. Ke2 Ke5 47.
Kd2 Kd4 48. Nf5+ Kc4 49. Nxg7 Kxb4 50. Nf5 a5 51. g4 a4 52. g5 a3 53. Kc1 Be6
54. Nd4 Bd7 55. h4 c5 56. Ne2 Kc4 57. h5 Be8 58. g4 Kd3 59. Nf4+ Ke3 60. g6 hxg6
61. h6 Kxf4 62. h7 e3 63. h8=Q Bd7 64. Qf6+ Kxg4 65. Qxg6+ Kf4 66. Qd6+ Kf3 67.
Qxd7 e2 68. Qf5+ Ke3 69. Qxc5+ Kf3 70. Qf5+ Ke3 71. Qe5+ Kd3 72. Qg3+ 1-0

[Event "European Blitz 2017"]
[Site "Katowice POL"]
[Date "2017.12.15"]
[Round "16.2"]
[White "Andriasian, Zaven"]
[Black "Piorun, Kacper"]
[Result "1-0"]
[WhiteTitle "GM"]
[BlackTitle "GM"]
[WhiteElo "2585"]
[BlackElo "2651"]
[WhiteFideId "13302000"]
[BlackFideId "1130420"]
[EventDate "2017.12.15"]
[EventType "blitz"]

1. e4 e6 2. d3 d5 3. Nd2 Bd6 4. Ngf3 c5 5. g3 Nc6 6. Bg2 Nge7 7. O-O O-O 8. Re1
Qc7 9. Qe2 f6 10. h4 b5 11. h5 d4 12. e5 fxe5 13. h6 Nd5 14. Ne4 Bd7 15. hxg7
Kxg7 16. Qd2 Be7 17. Qh6+ Kh8 18. Nfg5 Bxg5 19. Nxg5 Nf6 20. Be4 Qd8 21. Nxh7
Kg8 22. Qg6+ 1-0